Pasiones en Pugna y estampas de rebeldes (Registro nro. 51152)

Detalles MARC
000 -CABECERA
Longitud fija campo de control 00643nam a2200205Ii 4500
003 - IDENTIFICADOR DEL NUMERO DE CONTROL
Identificador del número de control CO-ViMGA
008 - CODIGOS DE INFORMACION DE LONGITUD FIJA
Códigos de información de longitud fija 241108s9999||||xx |||||||||||||| ||und||
040 ## - FUENTE DE LA CATALOGACION
Centro catalogador de origen CO-ViMGA
Lengua de catalogación spa
Normas de descripción rda
Centro transcriptor CO-ViMGA
041 0# - CODIGO DE LENGUA
Código de lengua del texto/banda sonora o título independiente unk
084 ## - Clasificación Local Alfanúmerica PNLB
Número de clasificación T GAR20pa
100 1# - PUNTO DE ACCESO PRINCIPAL-NOMBRE DE PERSONA
Nombre de persona Eduardo García Piedrahita
245 10 - TITULO PROPIAMENTE DICHO
Título Pasiones en Pugna y estampas de rebeldes
264 #1 - PRODUCCION, PUBLICACION , DISTRIBUCION, FABRICACION Y COPYRIGHT
Lugar de producción, publicación, distribución, fabricación [Lugar de publicación no identificado] : Instituto Colombiano de Cultura, 1981
300 ## - DESCRIPCION FISICA
Extensión volumen
336 ## - TIPO DE CONTENIDO
Término de tipo de contenido text
Código de tipo de contenido txt
Fuente rdacontent
337 ## - TIPO DE MEDIO
Nombre del tipo de medio unmediated
Código del tipo de medio n
Fuente rdamedia
338 ## - TIPO DE SOPORTE
Nombre del tipo de soporte volume
Código del tipo de soporte nc
Fuente rdacarrier
940 ## -
T&íacute;tulo uniforme <a href="idficha_siabuc: 6144. -- ficha_no_siabuc:6292">idficha_siabuc: 6144. -- ficha_no_siabuc:6292</a>
Existencias
Perdido Estado Físico No para pr&eacute;stamo Forma de adquisición Localizaci&oacute;n permanente Localizaci&oacute;n actual Localización en estanterías Fecha adquisici&oacute;n Signatura completa C&oacute;digo de barras Fecha &uacute;ltima consulta N&uacute;mero de copia Fecha del precio de reemplazo Tipo de item de Koha Note p&uacute;blica Serie de enumeraci&oacute;n &#47; cronolog&&iacute;acute;a
      Literatura General Biblioteca Pública Departamental Eduardo Carranza - Villavicencio Biblioteca Pública Departamental Eduardo Carranza - Villavicencio Literatura 11/27/2006 T GAR20pa ECA5668 11/26/2024 Ej.1 11/26/2024 LIbro 6144 | 8614  
      Sala General Biblioteca Pública Departamental Eduardo Carranza - Villavicencio Biblioteca Pública Departamental Eduardo Carranza - Villavicencio General 11/27/2006 T GAR20pa ECA5669 11/26/2024 Ej.1 11/26/2024 LIbro 6144 | 8615 Vol.1
      Sala General Biblioteca Pública Departamental Eduardo Carranza - Villavicencio Biblioteca Pública Departamental Eduardo Carranza - Villavicencio General 11/27/2006 T GAR20pa ECA5761 11/26/2024 Ej.1 11/26/2024 LIbro 6144 | 8616 Vol.1









Instituto Departamental de Cultura del Meta - Red Departamental de Bibliotecas Públicas del Meta.